Parc Natural del Montseny. Reserva de la Biosfera : castellano castellano
Descripción Física:
1 díptic : il·lustracions ; 44 x 44 cm
Idioma:
Catalán
MARC
| LEADER | 00000nam a22000007a 4500 | ||
|---|---|---|---|
| 001 | 25535 | ||
| 003 | Arxiu | ||
| 005 | 20260324181110.0 | ||
| 008 | 220517b spa||||| |||| 00| 0 cat d | ||
| 017 | |a DL B 5932-2018 | ||
| 080 | |a FU-69-23 | ||
| 110 | |a Parc Natural del Montseny (Catalunya) |9 10461 | ||
| 245 | |a Parc Natural del Montseny. Reserva de la Biosfera : |b castellano | ||
| 260 | |a Barcelona : |b Diputació de Barcelona ; |b Diputació de Girona, |c 2018 | ||
| 300 | |a 1 díptic : |b il·lustracions ; |c 44 x 44 cm | ||
| 546 | |a Díptic en castellà | ||
| 610 | 0 | |a Parc Natural del Montseny (Catalunya) |9 10461 | |
| 610 | 0 | |a Parc Natural del Montseny (Catalunya) |v Guies |9 52680 | |
| 710 | 1 | |9 52730 |a Barcelona (Catalunya : Província). |b Gerència de Serveis d’Espais Naturals | |
| 710 | 1 | |a Girona (Catalunya : Província). |b Diputació |9 11479 | |
| 942 | |2 udc |c ARXIU |n 1 | ||
| 952 | |0 0 |1 0 |4 0 |6 FU6923 |7 1 |9 61722 |a Arxiu |b Arxiu |d 2022-05-17 |l 0 |o FU-69-23 |p 25535 |r 2022-05-17 00:00:00 |w 2022-05-17 |y ARXIU | ||
| 999 | |c 81609 |d 81609 | ||